[Event "Rhein Main op 07th"]
[Site "Bad Homburg"]
[Date "2004.06.12"]
[Round "6.61"]
[White "Von Oelhafen, Stephan"]
[Black "Castillo, Melchor"]
[Result "1/2-1/2"]
[WhiteElo "1392"]
[BlackElo "1355"]
[PlyCount "81"]
[EventDate "2004.06.09"]
[EventType "swiss"]
[EventRounds "7"]
[EventCountry "GER"]
[SourceTitle "CBM 100 Extra"]
[Source "ChessBase"]
[SourceDate "2004.07.06"]
[SourceVersion "2"]
[SourceVersionDate "2004.07.06"]
[SourceQuality "1"]

1. d4 f5 2. c4 Nf6 3. Nf3 e6 4. Bg5 Be7 5. Nc3 a6 6. e3 c6 7. Bd3 0-0 8. 0-0 d5 9. Rc1 Nbd7 10. cxd5 exd5 11. Bxf5 Nb6 12. Bd3 Bg4 13. Be2 Ne4 14. Bxe7 Qxe7 15. Ne5 Bxe2 16. Qxe2 Nd7 17. Nxd7 Qxd7 18. Nxe4 dxe4 19. Qc2 Qe7 20. Qc5 Qe8 21. b3 Qg6 22. Qc4+ Kh8 23. Qe2 h5 24. f3 h4 25. fxe4 Qxe4 26. Rxf8+ Rxf8 27. Rf1 Rxf1+ 28. Kxf1 Qb1+ 29. Kf2 Qf5+ 30. Ke1 Qb1+ 31. Qd1 Qxa2 32. Qh5+ Kg8 33. Qe8+ Kh7 34. Qe4+ Kg8 35. b4 Qa1+ 36. Kf2 Qb2+ 37. Kf3 Qxb4 38. Kg4 Qd6 39. Qf5 Qxh2 40. Qc8+ Kh7 41. Qf5+ 1/2-1/2

[Event "Rhein Main op 07th"]
[Site "Bad Homburg"]
[Date "2004.06.11"]
[Round "4.63"]
[White "Von Oelhafen, Stephan"]
[Black "Baqui, Khalid"]
[Result "1-0"]
[WhiteElo "1392"]
[BlackElo "1219"]
[PlyCount "189"]
[EventDate "2004.06.09"]
[EventType "swiss"]
[EventRounds "7"]
[EventCountry "GER"]
[SourceTitle "CBM 100 Extra"]
[Source "ChessBase"]
[SourceDate "2004.07.06"]
[SourceVersion "2"]
[SourceVersionDate "2004.07.06"]
[SourceQuality "1"]

1. d4 d5 2. c4 e6 3. Nf3 Nf6 4. Bg5 c6 5. Nc3 Be7 6. e3 0-0 7. Bd3 Nbd7 8. 0-0 h6 9. Bh4 b6 10. Rc1 Bb7 11. cxd5 cxd5 12. Bb1 Rc8 13. Bg3 Nh5 14. Qc2 f5 15. Be5 Nhf6 16. Qe2 Bc6 17. Bd3 Ne4 18. Ba6 Ra8 19. Nb5 Nxe5 20. Nxe5 Bxb5 21. Bxb5 Bf6 22. Ng6 Rf7 23. Nf4 Re7 24. f3 Nd6 25. Rc6 Bg5 26. Ng6 Rf7 27. f4 Bf6 28. Rfc1 Kh7 29. Ne5 Re7 30. Bd3 Re8 31. Qh5 Bxe5 32. fxe5 Ne4 33. Bxe4 fxe4 34. Rd6 Qe7 35. Rcc6 Rac8 36. Rxe6 Qf8 37. Qg6+ Kg8 38. Rxe8 Rxe8 39. Qd6 Qf7 40. Rc7 Qh5 41. Qxd5+ Kh7 42. Qxe4+ Kh8 43. Qf3 Qg6 44. Rxa7 Qb1+ 45. Kf2 Qc2+ 46. Kg3 Kh7 47. Qf7 Rg8 48. e6 Qe2 49. Qf3 Qe1+ 50. Qf2 Qb4 51. e7 Qd6+ 52. Qf4 Qg6+ 53. Kh3 Qh5+ 54. Qh4 Qe8 55. d5 g5 56. Qe4+ Rg6 57. Qe5 h5 58. d6 g4+ 59. Kh4 g3 60. Qf5 gxh2 61. Qf1 Rg4+ 62. Kh3 h1Q+ 63. Qxh1 Kh6 64. Qf1 Kg5 65. Qf8 Rh4+ 66. Kg3 Rg4+ 67. Kf2 Qg6 68. Rc7 Qxd6 69. Qg7+ Kh4 70. Qc3 Qg3+ 71. Ke2 Qxg2+ 72. Kd3 Qf1+ 73. Kc2 Rg2+ 74. Kb3 Qb5+ 75. Qb4+ Qxb4+ 76. Kxb4 Rxb2+ 77. Ka3 Rd2 78. e8Q Rd3+ 79. Kb2 Rd2+ 80. Rc2 Rxc2+ 81. Kxc2 b5 82. Kd2 b4 83. Ke2 Kg4 84. Kf2 h4 85. Qe4+ Kg5 86. Qf4+ Kh5 87. Kg2 b3 88. axb3 Kg6 89. Qe5 h3+ 90. Kxh3 Kf7 91. Kg4 Kg6 92. Qd6+ Kf7 93. Kg5 Ke8 94. Qc7 Kf8 95. Kf6 1-0